000 01062nam a2200397Ia 4500
001 7552
005 20240113234022.0
007 ta
008 050706s1967 a g b000 u eng u
040 _aCotton College,Assam
041 _aeng
082 _a320.934
_bJ 334 H
100 _aJayaswal, K.P. .
245 0 _aHindu Polity /
_cK.P. Jayaswal.
_hTextual Documents
250 _a4th ed. /
260 _aBangalore :
_bThe Bangalore Printing & Publishing Co ,
_c1967.
300 _axliii, 414p. :
_bill. ;
_c22cm .
504 _aIndex
653 _aPolitical Science-Hindu Polity
653 _aConstitution-History
653 _aConstitution-India
653 _aIndian constitution
653 _aReligion and politics
653 _aPG-Political Science
653 _aMS-Political Science
653 _aG-Political Science
653 _aT/G-Political Science
942 _2ddc
_cBK
999 _c7539
_d7539